漢字1文字から国を特定② - Statistics

General Stats
  • This quiz has been taken 208 times
  • The average score is 7 of 19
Answer Stats
漢字 国名 % Correct
イギリス
100%
日本
96%
中華人民共和国
92%
モンゴル
76%
ポルトガル
62%
エジプト
48%
チリ
44%
ペルー
34%
ノルウェー
28%
アルゼンチン
26%
レバノン
21%
カンボジア
19%
パキスタン
19%
パナマ
19%
チェコ
18%
バングラデシュ
13%
スリランカ
12%
イエメン
10%
カタール
9%
No matching quizzes found
Score Distribution
Percent of People with Each Score
Percentile by Number Answered
Your Score History
You have not taken this quiz